00728nam a2200241Ia 4500001000900000003000500009005001700014008004100031010001100072020001800083040000900101082002000110245008900130250001100219260007200230300001800302440005100320503001400371504002800385650002700413650002300440700002300463dia_4851CHAP20251023171842.0220117s2006 xx 000 0 und d a175654 a0-8247-2317-1 cCHAP a615.16 M53 2006 aMicroencapsulation : methods and industrial applications /c edición Simon Benita a2a ed. aEstados Unidos de América, New York :b Taylor & Francis,c2006 axviii, 756 p. aDrugs and the pharmaceutical sciences ; v. 158 aI. 237650 aIncluye bibliografías aMicroencapsulación  aMicroencapsulation aBenita, Simon, ed.